[Event "16th Delhi GM Open 2018"]
[Site "Delhi"]
[Date "2018.01.12"]
[Round "5"]
[White "Deviatkin, Andrei"]
[Black "Sankalp Gupta"]
[Result "1-0"]
[WhiteElo "2471"]
[BlackElo "2303"]
[Annotator "TA"]
[PlyCount "107"]
[EventDate "2018.??.??"]
[EventType "swiss"]
[EventCountry "IND"]
[SourceTitle "playchess.com"]
[Source "ChessBase"]
[SourceQuality "1"]

{[%evp 9,107,-4,0,0,8,-6,-16,-24,-19,-40,19,0,0,-38,23,0,0,0,12,22,137,-5,0,0,60,78,70,73,80,67,58,22,18,27,20,17,20,19,15,27,1190,0,15,0,38,27,27,25,28,24,43,13,37,37,45,41,37,37,38,37,35,5,4,14,66,66,75,75,75,68,67,56,140,84,68,76,75,68,162,169,153,121,133,132,156,135,159,146,172,132,5085,5035,5097,5102,5089,4564,5065,3595,1883,1462]} 1. Nc3 d5 2. e4 dxe4 3. Nxe4 Nf6 4. c3 $146 ({Predecessor:} 4. Nxf6+ exf6 5. d4 Bd6 6. Bd3 O-O 7. c3 Re8+ 8. Ne2 c5 9. Be3 Nd7 10. Qc2 g6 11. O-O-O Qc7 12. Qd2 c4 13. Bb1 {0-1 (20) Lu,S (2612)-Hansen,E (2603) Wijk aan Zee 2017}) 4... Nxe4 5. Qa4+ Nd7 {Strongly threatening ...Nec5.} 6. Qxe4 {A00: Irregular Openings} Nf6 7. Qa4+ Bd7 8. Qb3 {The position is equal.} Bc6 9. Qd1 Bd7 ({Black should play} 9... Qd5 $15) 10. Qb3 ({Better is} 10. Nf3 $11) 10... Bc6 $15 11. Qd1 Bd7 ({Black should try} 11... Qd5 $15) 12. Qb3 Bc6 13. d4 Qd6 14. Bb5 Qd8 (14... e6 $11) 15. Bf1 (15. Nf3 $16) 15... Qd6 16. Bb5 O-O-O (16... Qd8 $11) 17. Bxc6 $1 $14 Qxc6 18. Nf3 Qe4+ 19. Be3 e6 20. O-O-O Bd6 21. Qc2 Qg4 22. Ng5 Rd7 23. f3 Qf5 24. Ne4 Qg4 $2 {[%mdl 8192]} (24... Nd5 $11 25. Nxd6+ cxd6 26. Qxf5 exf5) 25. Ng5 $2 (25. Nxd6+ $18 cxd6 26. fxg4) 25... Qf5 $11 26. Ne4 Rhd8 27. Nxd6+ Rxd6 28. Qxf5 exf5 29. Rhe1 Re8 30. Bf2 Rde6 31. c4 Rxe1 32. Rxe1 c6 33. Rxe8+ Nxe8 $14 {[%mdl 4096] Endgame KB-KN} 34. Kd2 Kd7 35. d5 cxd5 36. cxd5 a6 (36... Nc7 $11) 37. Kd3 f6 38. a4 Nd6 39. Bg3 Nc8 40. Kd4 Nb6 (40... b6 $14) 41. b3 (41. a5 $142 $1 {[%cal Ra5b6]} Nc8 42. Kc5) 41... Nc8 $16 42. Be1 Ne7 43. Kc5 Nc8 (43... Ng6 $14) 44. a5 $1 $18 Kc7 45. Bg3+ Kd7 46. Bf4 h5 47. Bd2 Kc7 {[#]} 48. Bb4 $1 Kd7 49. Kd4 Nd6 $2 {[%mdl 8192] [#]} (49... Ke8 $16 50. Kc5 Kd7) 50. Bxd6 $1 {White is clearly winning.} Kxd6 51. f4 h4 52. Kc4 g6 53. Kd4 g5 54. g3 {Precision: White = 62%, Black = 31%.} 1-0

[Event "16th Delhi GM Open 2018"]
[Site "Delhi"]
[Date "2018.01.12"]
[Round "5"]
[White "Vignesh N R"]
[Black "Sekar, B."]
[Result "1-0"]
[WhiteElo "2470"]
[BlackElo "2300"]
[Annotator "TA"]
[PlyCount "67"]
[EventDate "2018.??.??"]
[EventType "swiss"]
[EventCountry "IND"]
[SourceTitle "playchess.com"]
[Source "ChessBase"]
[SourceQuality "1"]

{[%evp 22,67,44,18,41,-33,0,7,19,22,47,47,74,-2,127,119,125,131,253,237,250,216,339,339,354,329,340,339,322,310,367,372,482,448,575,602,529,570,966,930,1304,1704,1774,1672,29992,29993,29993,29994]} 1. e4 c5 2. Nf3 d6 3. d4 cxd4 4. Nxd4 Nf6 5. Nc3 a6 6. h3 e6 7. g4 Nfd7 {B81: Sicilian Scheveningen: Keres Attack} (7... h6 8. Bg2 Be7 9. Be3 Nc6 10. Qe2 Nxd4 11. Bxd4 e5 12. Be3 b5 13. O-O-O b4 14. Nd5 Nxd5 15. exd5 O-O 16. Be4 {½-½ (32) Duda,J (2717)-Wojtaszek,R (2736) Katowice 2017}) 8. g5 b5 9. a3 Bb7 10. Be3 Be7 11. h4 Nc6 12. f4 {LiveBook: 8 Games} Rc8 13. h5 $146 (13. Nxc6 $14 Rxc6 14. Qd2) ({Predecessor:} 13. Nxc6 Rxc6 14. Qd2 O-O 15. O-O-O Qa5 {1-0 (45) Nevednichy,V (2549)-Banikas,H (2600) Anogia 2016}) 13... Nxd4 14. Qxd4 e5 15. Qd2 exf4 16. Bxf4 Ne5 {Threatens to win with ...Nf3+.} 17. Rh3 {[#]} (17. Be2 $16) 17... O-O {[#]} (17... h6 $1 $11 {[%mdl 512]}) 18. O-O-O $1 $16 Qb6 19. Kb1 a5 (19... Rfe8 $16) 20. Be3 $18 Qd8 {next ...b4 is good for Black.} 21. Bxb5 Ng4 (21... Nc4 $142 22. Bxc4 Rxc4) 22. Bf4 Qb6 {If only Black now had time for ...Rxc3....} 23. a4 Ne5 24. Nd5 Bxd5 25. exd5 {[%cal Be4d5,Bd5d6][%mdl 32]} ({Don't do} 25. Qxd5 $6 Qf2 $18) 25... Rfd8 26. Qe2 f6 27. Rb3 Qa7 28. Qe4 Rf8 29. Bxe5 dxe5 30. d6 Bd8 31. Qf5 Rc5 32. d7 fxg5 33. Qe6+ Kh8 {[#]} 34. Rf3 $1 {[%mdl 512] Precision: White = 73%, Black = 19%.} 1-0

[Event "16th Delhi GM Open 2018"]
[Site "Delhi"]
[Date "2018.01.12"]
[Round "5"]
[White "Gusain, Himal"]
[Black "Gupta, Abhijeet"]
[Result "1-0"]
[WhiteElo "2450"]
[BlackElo "2610"]
[Annotator "TA"]
[PlyCount "113"]
[EventDate "2018.??.??"]
[EventType "swiss"]
[EventCountry "IND"]
[SourceTitle "playchess.com"]
[Source "ChessBase"]
[SourceQuality "1"]

{[%evp 19,113,30,28,28,25,18,34,20,20,33,17,17,33,30,27,33,51,49,54,58,63,43,35,36,74,75,62,60,86,90,266,266,272,272,272,272,307,285,258,129,139,72,243,172,162,178,235,183,149,241,205,235,502,502,684,441,852,842,814,805,765,775,711,756,833,806,734,601,928,899,1113,1122,1112,1109,1079,1038,989,921,1331,1221,1469,2522,12839,12839,12835,2521,12841,12841,12841,12842,12845,12845,12845,12846,12846,12847]} 1. e4 c5 2. Nf3 d6 3. Bb5+ Nd7 4. O-O a6 5. Bd3 Ngf6 6. Re1 g6 7. c3 Bg7 8. Bf1 b5 {B50: Sicilian: 2...d6, Miscellaneous} 9. d4 cxd4 10. cxd4 Bb7 {LiveBook: 3 Games. White has an edge.} 11. Nbd2 (11. e5 dxe5 12. dxe5 Nd5 13. e6 fxe6 14. Ng5 Nc5 15. Qf3 Rf8 16. Qh3 {½-½ (40) Navara,D (2737)-Nepomniachtchi,I (2751) Saint Louis 2017}) 11... O-O 12. a4 e5 $146 ({Predecessor:} 12... Qb6 13. Ra3 d5 14. e5 Ne4 15. Nxe4 dxe4 {½-½ (69) Rendle,T (2303)-Adly,A (2482) West Bromwich 2004}) 13. axb5 axb5 14. Rxa8 Qxa8 15. dxe5 Nxe5 16. Nxe5 dxe5 17. f3 Rd8 18. Bxb5 Qa7+ 19. Kh1 Nh5 20. Qe2 Nf4 21. Qf1 h5 22. Nb1 Bf8 23. Nc3 h4 24. Be3 Bc5 $2 (24... Qa5 $16 {was called for.}) 25. Ra1 $18 Bxe3 26. Rxa7 Bxa7 27. g3 Nh5 28. Qe1 (28. gxh4 $6 Nf4 $18) 28... Kg7 29. Nd5 ({Don't play} 29. gxh4 $6 Nf4 $18) (29. Kg2 $18) 29... Bd4 30. Kg2 ({Of course not} 30. gxh4 $6 Bxd5 31. exd5 Rxd5 $11) (30. Ne3 $142) 30... Rb8 $2 (30... Bxd5 $16 {was worth a try.} 31. exd5 hxg3) 31. Qa5 {[#] Qc7 is the strong threat.} Ra8 32. Qc7 Bc8 (32... Bxd5 $142 33. exd5 hxg3) 33. Bd7 ({Worse is} 33. gxh4 Be6 $14) 33... Bxd7 34. Qxd7 hxg3 35. hxg3 Ra2 $2 (35... Ra1 36. Nc7 Rg1+ 37. Kh2 Kg8 38. Qe8+ Kg7) 36. Nc7 {White is clearly winning.} Rxb2+ 37. Kh3 {[#] Hoping for Ne6+.} Kg8 (37... Rb8 $142 38. Ne6+ Kg8) 38. Qd8+ Kh7 39. Qf8 Rb7 40. Qxf7+ Ng7 41. Qe7 g5 42. Qd6 Rb6 43. Qd7 Rb7 44. Kg4 Bf2 45. Kxg5 Rb6 46. Qh3+ Kg8 47. Nd5 Re6 48. Qg2 Be1 49. f4 exf4 50. gxf4 {[%cal Bg3f4,Bf4f5][%mdl 32]} Ba5 51. f5 Bd8+ 52. Kf4 Rh6 53. Ke5 Ra6 54. Qc2 {Intending Qc8 and mate.} Ne8 55. Qc4 {Threatening mate with Nf6+.} Ra5 56. Qc8 Bf6+ 57. Ke6 {Precision: White = 81%, Black = 39%.} 1-0

[Event "16th Delhi GM Open 2018"]
[Site "Delhi"]
[Date "2018.01.12"]
[Round "5"]
[White "Akash Pc, Iyer"]
[Black "Solodovnichenko, Yuri"]
[Result "1-0"]
[WhiteElo "2415"]
[BlackElo "2571"]
[Annotator "TA"]
[PlyCount "67"]
[EventDate "2018.??.??"]
[EventType "swiss"]
[EventCountry "IND"]
[SourceTitle "playchess.com"]
[Source "ChessBase"]
[SourceQuality "1"]

{[%evp 18,67,0,-10,5,-3,3,-6,0,0,2,-6,24,13,51,8,39,39,34,35,64,70,68,56,69,50,50,22,12,20,15,25,11,-2,0,-16,-20,-31,155,139,141,143,546,549,555,545,541,532,29973,29970,2031,1102]} 1. Nf3 d5 2. g3 c6 3. Bg2 Bg4 4. O-O Nf6 5. d4 Nbd7 6. c4 e6 7. cxd5 exd5 8. Qb3 {D11: Slav Defence: 3 Nf3 sidelines and 3...Nf6 4 e3 Bg4} (8. Nc3 Bd6 9. h3 Bxf3 10. Bxf3 O-O 11. Re1 Re8 12. Qd3 Nb6 13. Rb1 Qe7 14. Bg5 h6 15. Bxf6 Qxf6 16. b4 a6 {½-½ (36) Dragun,K (2586)-Solak,D (2622) Biel 2015}) 8... Qb6 9. Qe3+ Be7 10. Nc3 {LiveBook: 3 Games. The position is equal.} Qd8 11. h3 Bxf3 12. Bxf3 O-O 13. Qd3 Bd6 $146 ({Predecessor:} 13... Re8 14. Bg5 Nf8 15. e3 Ne6 16. Bxf6 Bxf6 {½-½ (72) Jackson,R-Wallis,C (2051) Mount Buller 2005}) 14. Bd2 Qe7 15. Rae1 Qe6 16. Kh2 Rfe8 17. e4 dxe4 18. Nxe4 {[#] Nc3 is the strong threat.} Qf5 19. Nxf6+ Qxf6 20. Bc3 Rad8 21. Be4 h5 22. Kg2 h4 23. Re2 Nb6 24. Rfe1 {Threatens to win with d5.} Nd5 25. a3 Nxc3 26. Qxc3 g6 27. Qb3 Qg5 $2 {[#]} (27... hxg3 $15 28. fxg3 Rd7) 28. Bxg6 $1 $16 {[%mdl 512]} Rf8 (28... Qxg6 29. Rxe8+) 29. Bc2 $40 {[%mdl 128] White wants a kill.} Kg7 $2 {[%mdl 8192]} (29... hxg3 $16 30. fxg3 Kh8) 30. Re4 $18 f5 31. Rxh4 Rde8 32. Qxb7+ Kf6 33. Rxe8 Rxe8 34. Qh7 {Precision: White = 45%, Black = 40%.} 1-0

[Event "16th Delhi GM Open 2018"]
[Site "Delhi"]
[Date "2018.01.12"]
[Round "5"]
[White "Arjun Kalyan"]
[Black "Tiviakov, Sergei"]
[Result "1/2-1/2"]
[WhiteElo "2407"]
[BlackElo "2584"]
[Annotator "TA"]
[PlyCount "127"]
[EventDate "2018.??.??"]
[EventType "swiss"]
[EventCountry "IND"]
[SourceTitle "playchess.com"]
[Source "ChessBase"]
[SourceQuality "1"]

{[%evp 12,127,39,39,20,16,14,7,13,0,17,0,10,-15,4,10,0,-4,21,12,16,-18,-8,-13,-8,-76,-33,-60,-52,-135,-139,-125,-108,-139,-140,-127,-108,-114,-113,-102,-95,-106,-117,-89,-87,-109,-56,-56,-55,-71,-39,-47,-60,-138,-146,-157,-150,-157,-185,-164,-56,-62,-31,-29,0,-8,-11,-8,0,0,0,0,0,0,0,0,0,0,0,0,0,0,8,2,4,0,0,0,0,0,0,0,0,-8,0,0,0,-8,0,0,0,0,0,0,0,0,0,0,0,0,0,0,0,-8,-8,-8,-8,-8]} 1. e4 d5 2. exd5 Qxd5 3. Nc3 Qd6 4. d4 c6 5. Ne4 Qe6 6. Qe2 {B01: Skandinavische Verteidigung} Nf6 7. f3 {LiveBook: 5 Partien} (7. Nxf6+ Qxf6 8. Be3 Bf5 9. O-O-O Nd7 10. g4 Be6 11. Bg2 Nb6 12. f4 O-O-O {1-0 (51) Gharamian,T (2637)-Bauer,C (2620) Agen 2016}) 7... Qd5 8. Nxf6+ gxf6 9. Be3 e5 $146 ({Vorgänger:} 9... Bf5 10. c4 Qd6 11. Rd1 e6 12. g4 Bg6 {½-½ (37) Ognean,M (2105)-Isfan,I (1958) Baile Felix 2017}) 10. Qd2 Be6 11. c4 Qd6 12. dxe5 fxe5 13. Qxd6 Bxd6 14. O-O-O Be7 15. f4 e4 16. b3 a5 17. Ne2 a4 18. h3 (18. Nc3 $11 {hält das Gleichgewicht.}) 18... axb3 19. axb3 h5 {[%cal Bh7h5,Bh5h4][%mdl 32]} 20. Ng3 (20. Bd4 $15 Rg8 21. Nc3) 20... f5 $17 21. Bd4 Rh7 22. Be2 h4 23. Nh5 Kf7 24. g4 hxg3 25. Nxg3 Bf6 26. Bh5+ {[#]} Rxh5 $1 {[%mdl 512]} 27. Bxf6 (27. Nxh5 $2 {verliert.} Bxd4 28. Ng3 Be3+ 29. Kb2 Na6 $19) 27... Rh7 $36 {[%mdl 2048] Schwarz bestimmt, wo es lang geht.} 28. Bd4 Nd7 ({Lieber} 28... Na6 $17 29. h4 Nb4) 29. Rdg1 c5 30. Bc3 {[#]} b5 $1 {[%mdl 512]} 31. cxb5 Rb8 32. b4 (32. h4 $15) 32... cxb4 33. Bxb4 Rxb5 34. Bc3 Nc5 35. Ne2 {[#]} e3 (35... Nd3+ $1 $19 36. Kc2 Nf2) 36. Nd4 $15 Nb3+ 37. Nxb3 Bxb3 38. Re1 {Die Stellung ist ausgeglichen.} Bd5 39. Rh2 Be4 {[%csl Ge4][%cal Rb5b1]} 40. Rb2 Rc5 41. Rxe3 Rg7 42. Rd2 {Und weiter mit Td7+ wäre nett.} Ke6 {Weiss sollte ...Tgc7 verhindern.} 43. Rd4 Rg1+ 44. Rd1 Rg2 45. Rd2 {Txg2 ist eine echte Drohung.} Rg8 46. Rd4 Ra8 47. Kb2 Rb8+ 48. Rb4 Rxb4+ 49. Bxb4 $11 {[%mdl 4096] Endspiel KTL-KTL} Rc2+ 50. Kb3 Rf2 51. Be1 Rxf4 52. Kc3 Kd5 53. Kd2 Rf1 54. h4 {[%cal Bh3h4,Bh4h5,Bh5h6,Bh6h7][%mdl 32]} f4 55. Rh3 Bg2 56. Rh2 f3 57. h5 f2 58. Bxf2 $1 Rxf2+ {KTL-KT} 59. Ke3 $1 {[%cal Re3f2]} Ra2 60. h6 Ra3+ 61. Kf2 Be4 62. h7 Ra2+ 63. Kg3 Rxh2 64. Kxh2 {Precision: Weiß = 57%, Schwarz = 59%.} 1/2-1/2

[Event "16th Delhi GM Open 2018"]
[Site "Delhi"]
[Date "2018.01.12"]
[Round "5"]
[White "Dhulipalla Bala Chandra Prasa"]
[Black "Gareyev, Timur"]
[Result "0-1"]
[WhiteElo "2313"]
[BlackElo "2605"]
[Annotator "TA"]
[PlyCount "148"]
[EventDate "2018.??.??"]
[EventType "swiss"]
[EventCountry "IND"]
[SourceTitle "playchess.com"]
[Source "ChessBase"]
[SourceQuality "1"]

{[%evp 11,148,6,7,0,0,0,0,0,0,-12,-2,-19,-5,0,0,0,0,0,-7,-41,-6,-16,-15,-16,-16,-59,0,0,0,0,0,-79,-79,-79,-64,-72,-32,-127,-58,-95,-66,-94,-102,-93,-95,-97,-62,-139,-134,-121,-66,-58,0,0,0,-16,-15,-15,-15,-15,-15,-15,-15,-85,0,-6,0,-29,-29,-75,-29,-29,-22,-30,-29,-29,-19,-29,-29,-73,-5,-5,-5,-5,-6,-6,-8,-93,-85,-85,-84,-93,-93,-129,-129,-129,0,-129,0,-212,-205,-2512,-1862,-827,-254,-842,-1372,-1364,-740,-29976,-29977,-29977,-29978,-29977,-29979,-29981,-29982,-29982,-29980,-29976,-1210,-394,0,-29982,-795,-29983,-29982,-29981,-29982,-29985,-29986,-29987,-29988,-29988,-29989,-29989,-29990,-29993,-29994]} 1. d4 Nf6 2. Bf4 g6 3. e3 c5 4. c3 Bg7 5. Nf3 O-O 6. Be2 Qb6 7. Nbd2 $146 {A48: 1 d4 Nf6 2 Nf3 g6: Torre, London and Colle Systems} ({Predecessor:} 7. Qb3 d6 8. Nbd2 cxd4 9. Qxb6 axb6 10. exd4 Bd7 11. Nc4 Nd5 12. Bd2 b5 13. Ne3 Nxe3 14. fxe3 Bc6 {1-0 (42) Burmakin,V (2515)-Vakhidov,D (2234) Almaty 2017}) 7... Qxb2 8. Nc4 Qxc3+ 9. Kf1 {The position is equal.} cxd4 10. exd4 d5 11. Rc1 Qb4 12. Rb1 {[#]} Qxb1 $1 {[%mdl 512]} 13. Qxb1 dxc4 14. Bxc4 Nc6 15. Be3 Bg4 16. h3 Bxf3 17. gxf3 b6 18. Bb5 Na5 (18... Rac8 $15) 19. Kg2 $11 Rad8 20. Rc1 Nd5 21. Bc6 (21. Bg5 $11) 21... Nxc6 $17 22. Rxc6 e6 23. Qb3 {[#]} Bxd4 $1 {[%mdl 512]} 24. Bg5 (24. Bxd4 $15 Nf4+ 25. Kh2 Rxd4 26. Qa3) 24... Rb8 (24... Bf6 $17 25. Bxf6 Nxf6) 25. Rd6 b5 26. Rxd5 exd5 27. Qxd5 Bb6 28. Bf6 Rfe8 29. Qd6 ({Better is} 29. Be5 $15) 29... Rbc8 30. Qd7 b4 (30... Rf8 $17 31. Qd2 Rc6) 31. h4 $15 Bc5 (31... h5 $15) 32. h5 $11 {Intending hxg6 and mate.} Bf8 33. hxg6 hxg6 34. f4 $1 Bg7 35. Bxg7 Kxg7 {[%mdl 4096] Endgame KQ-KRR} 36. Qd4+ Kg8 {aiming for ...Re2.} 37. Qd7 (37. Qxb4 $11 Re6 38. Qb7) 37... Kg7 (37... a6 $17 38. f5 gxf5) 38. Qd4+ Kg8 {Hoping for ...Re2.} 39. f5 gxf5 {And now ...Re4 would win.} 40. Qd7 Rcd8 41. Qxf5 Rd6 42. Qc5 Rb6 43. Kf1 Re4 44. Qg5+ Rg6 45. Qd5 Reg4 ({Black should try} 45... Rf4 $17 {Threatening ...Kg7.} 46. Ke2 Rff6) 46. Qa8+ Kg7 {White must now prevent ...a6.} 47. Qxa7 Rg1+ 48. Ke2 Re6+ 49. Kf3 (49. Kd2 $11 {keeps the balance.}) 49... Rf6+ 50. Ke3 Re1+ 51. Kd3 Rf3+ $1 52. Kd2 Re4 53. Qc5 f5 (53... f6 $17 {...Kg6 is the strong threat.} 54. Qc7+ Kg6) 54. Qc7+ (54. Qb6 $1 $11 {was the only way to keep the balance.}) 54... Kg6 $17 55. Qa7 $2 (55. Qd6+ $1 $11 {and White is okay.} Kh5 56. Qh2+ Rh4 57. Qg2) 55... Ref4 $1 $19 56. Ke1 $2 (56. Kc2) 56... Rxf2 57. Qb8 Kh5 $2 (57... Kg5 58. Qg8+ Kh4) 58. Qe8+ $2 (58. Qg8) 58... Kg4 (58... Kh4 $142 59. Qg6 Kh3) 59. Qg8+ Kf3 60. Qb3+ Kg2 $1 61. Qg8+ Rg4 62. Qd5+ Kg1 63. Qc5 Re4+ 64. Kd1 Kf1 {[%csl Gf1][%cal Re4e1]} 65. Qb5+ Kg2 (65... Ree2 $142 66. Qd3 Kg2 67. Qd5+ Kg1 68. Qg8+ Rg2 69. Qd8 Rd2+ $1 {[%mdl 512]} 70. Qxd2 Rxd2+ 71. Kxd2 f4 72. Ke2 Kg2 73. Kd3 f3 74. Kc2 f2 75. Kb3 f1=Q 76. Kxb4 Qb1+ 77. Kc5 Qxa2 78. Kb6 Qc2 79. Kb7 Kf3 80. Kb6 Ke4 81. Kb7 Kd5 82. Kb6 Qh7 83. Ka5 Qb1 84. Ka6 Kc6 85. Ka7 Qb7#) 66. Qc6 Kg1 $2 (66... Kh3 $19 67. Qb7 Kg3 68. Qc7+ f4 69. Qg7+ Kf3) 67. Qc5 f4 (67... Ree2 $142 68. Qxf5 Rxf5 69. Kxe2 Rf2+ 70. Ke3 Rxa2 71. Kd3 Rb2 72. Kc4 Kf2 73. Kc5 Ke3 74. Kc4 Kd2 75. Kc5 b3 76. Kc4 Kc2 77. Kc5 Ra2 78. Kd6 b2 79. Ke6 b1=Q 80. Kd5 Qb5+ 81. Ke4 Ra4+ 82. Kf3 Qf5+ 83. Kg2 Rg4+ 84. Kh3 Qh5#) 68. Qb6 Kf1 {[%csl Gf1][%cal Re4e1] Black mates.} 69. Qb5+ Ree2 70. Qc4 f3 71. Qb5 Kg1 {[%cal Rf2f1]} 72. Qg5+ {[#]} Rg2 $1 73. Qc5+ {[#]} Kf1 $1 {[%csl Gf1][%cal Re2e1]} 74. Qc4 Rg1 {Precision: White = 40%, Black = 49%.} 0-1

[Event "16th Delhi GM Open 2018"]
[Site "Delhi"]
[Date "2018.01.12"]
[Round "5"]
[White "Navalgund, Niranjan"]
[Black "Rozum, Ivan"]
[Result "0-1"]
[WhiteElo "2312"]
[BlackElo "2595"]
[Annotator "TA"]
[PlyCount "215"]
[EventDate "2018.??.??"]
[EventType "swiss"]
[EventCountry "IND"]
[SourceTitle "playchess.com"]
[Source "ChessBase"]
[SourceQuality "1"]

{[%evp 15,215,20,15,0,9,-7,-5,0,45,-12,0,0,0,0,-5,-8,0,0,0,-1,-4,-22,-27,0,0,0,32,0,61,0,28,0,30,23,33,25,25,14,27,-425,38,0,27,25,36,0,23,0,39,29,30,23,33,0,0,-172,-160,-135,-158,-146,-139,-143,-109,-114,-112,-109,-102,-111,-116,-114,-114,-155,-119,-142,-148,-145,-133,-1344,0,-125,0,-514,-502,-514,-167,-165,0,-494,0,-164,-91,-231,-12,-16,0,0,0,0,0,0,0,0,0,0,0,0,0,0,0,-12847,0,0,0,0,0,0,0,0,0,0,0,0,0,0,0,0,0,0,0,0,0,0,0,0,0,-6,-7,-6,0,-5,0,0,0,0,0,0,0,0,0,-3,0,0,0,-5,0,-8,-7,-8,0,-10,0,-8,-3,-6,-6,-64,-8,-8,-9,-9,0,0,0,0,0,-6,-6,-2,-5,-6,0,-10,-14,-43,0,-9,0,-47,-60,-89,-17,-666,-662,-644,-635,-710,-681,-635,0,-118,0,-574]} 1. d4 Nf6 2. c4 e6 3. Nc3 Bb4 4. e3 O-O 5. Bd3 b6 6. Nge2 d5 7. O-O Bb7 8. a3 Bd6 {LiveBook: 8 Games. E47: Nimzo-Indian: Rubinstein: 5 Bd3 without ...d5} 9. Ng3 (9. cxd5 exd5 10. Ng3 g6 11. b4 Nbd7 12. Bb2 h5 13. Qc2 h4 14. Nge2 a6 15. f3 c5 16. dxc5 bxc5 17. Bxg6 fxg6 18. Qxg6+ Kh8 19. Qh6+ Kg8 20. Qg6+ Kh8 21. Qh6+ Kg8 22. Qg6+ {½-½ (22) Savina,A (2350)-Kashlinskaya,A (2455) Monaco 2017}) 9... Re8 10. b3 Nbd7 $146 ({Predecessor:} 10... dxc4 11. Bxc4 Nbd7 12. Qc2 c5 13. Nb5 Be7 14. dxc5 Nxc5 {0-1 (56) Giouvantzoudis,K (2050)-Logothetis,S (2270) Athens 2001}) 11. Bb2 Nb8 12. Bc1 (12. Rc1 $14) 12... Nbd7 13. Bb2 c5 14. cxd5 exd5 15. Rc1 Rc8 16. dxc5 bxc5 17. Nb5 Bb8 18. b4 a6 19. Nc3 c4 20. Bf5 Rc7 21. Na4 Rc8 (21... Bc6 $11) 22. Nc3 (22. Nc5 $14 Nxc5 23. Bxc8) 22... Rc7 23. Na4 Ba7 24. Bd4 Bxd4 25. Qxd4 Bc6 26. Nc3 Nf8 27. Na4 $2 {[%mdl 8192]} (27. Qh4 $11) 27... N8d7 $2 ({Black should play} 27... Bxa4 $19 28. Ne2 Qd6) 28. Nc3 Nf8 29. Rfd1 Qb8 30. Rf1 Qd8 31. Rfd1 Qb8 32. Nge2 Ne6 33. Qh4 Rb7 34. e4 (34. Bc2 {with more complications.} Qe5 35. Nd4 Nxd4 36. Qxd4 Qe7 37. Ba4) 34... dxe4 35. Nxe4 $2 (35. Nd4 $11 {and White stays safe.} Nxd4 36. Rxd4) 35... Bxe4 $19 36. Bxe4 g5 37. Bxh7+ Nxh7 38. Qxc4 Qa7 39. h4 Rc7 40. Qg4 Rxc1 41. Rxc1 Rd8 42. hxg5 Nhxg5 43. Rc5 Qe7 44. Rf5 f6 45. Ng3 Ng7 46. Ne2 $2 {[%mdl 8192]} (46. Qc4+ $17 Kf8 47. Rc5) 46... N7e6 $2 (46... Nxf5 $19 47. Qxf5 Qxe2 48. Qg6+ Kf8 49. Qxf6+ Nf7) 47. Ng3 $1 $17 Ng7 (47... Rd4 $1 $17 {[%cal Rd4g4]} 48. Qe2 Qf7) 48. Rc5 $2 {[%mdl 8192]} (48. Ne2 $1 $11) 48... Qe1+ $19 49. Nf1 {and the idea Rc8 leaves White hopeful.} Ne4 $2 (49... Rd1 50. Qc4+ N7e6 51. Rc8+ Kg7) 50. Rc2 Ng5 $2 (50... Rd1 $1 51. Qc8+ Kf7 52. Qb7+ Kg6 53. Qxa6 Nf5) 51. Rc5 $1 {White hopes to continue with Rc8.} Ne4 $2 (51... Rd1 52. Qc4+ N7e6 53. Rc8+ Kf7) 52. Rc2 $1 {[%cal Rc2e2] Re2 is the strong threat.} f5 ({Better is} 52... Rd1 $1 $19 53. Qc8+ Kf7 54. Qb7+ Kg6 55. Qxa6 Nf5) 53. Qg6 {[#]} (53. Qh4 $17 {was worth a try.} Rd7 54. Qh6) 53... Nd2 $2 (53... Qb1 $1 $19 {[%cal Rb1c2]} 54. Rc7 Qb2) 54. Qxa6 $11 Qb1 55. Rc8 Rxc8 56. Qxc8+ Kh7 57. Qa6 Kg8 58. Qc8+ Kh7 59. Qa6 Qe1 60. Qd3 Ne4 61. Qe3 Qb1 62. Qd3 $2 {[%mdl 8192]} (62. Qf4 $11) 62... Qe1 $2 (62... Qxd3 $19 63. f3 Nc3) 63. Qe3 Qb1 64. Qf4 Kg6 65. g4 Ng5 66. Kg2 N5e6 67. gxf5+ Nxf5 68. Qg4+ Kf6 69. Ng3 Nfd4 70. Qe4 Qc1 71. Nh5+ Kf7 72. Qh7+ Kf8 73. Qe4 Kf7 74. Qh7+ Kf8 75. Qh8+ Ke7 {White must now prevent ...Qc6+.} 76. Qh7+ Kd6 77. Qe4 Qg5+ 78. Ng3 Nf4+ 79. Kf1 Qb5+ 80. Kg1 Nde6 81. Nf5+ Kd7 ({Don't play} 81... Kc7 82. Ng3 $17) 82. Ng3 Kd6 83. Nf5+ Kd7 84. Ng3 Qa6 85. Qe3 Qa8 {[%csl Gf4][%cal Ra8g2]} 86. Qe4 Qa6 87. Qe3 Qa8 {[%csl Gf4][%cal Ra8g2]} 88. Ne4 Qg8+ 89. Ng3 Qg4 90. Qd2+ (90. Qa7+ $11 Kc6 91. Qa4+ Kc7 92. Qa5+ Kc6 93. Qa8+ Kb5 94. Qa5+ Kc4 95. Qf5 Qd1+ 96. Kh2) 90... Ke8 (90... Kc7 $15 91. Qe3 {[#]} Nd4 $1 {[%mdl 512]} 92. Qe5+ Kb7 93. Qe7+ Ka6 94. b5+ (94. Qd6+ $2 Kb5 $19) 94... Kxb5 95. Qb4+ Kc6 96. Qc4+ Kb7 97. Qb4+ Kc7 98. Qc4+ Kb8 99. Qb4+ Kc7 100. Qc4+ Nc6 101. Qf7+ Kd6 102. Qf6+ Ne6) 91. Qe3 Kf7 92. Qe4 Qd1+ 93. Kh2 Qd2 94. Qe3 Qb2 95. Qa7+ Kg6 {Hoping for ...Qh8+.} 96. Qe3 Qh8+ 97. Kg1 Ng5 98. Qb6+ Nfe6 {And now ...Nh3+ would win.} 99. Qe3 Qa8 100. Qd3+ Kg7 {aiming for ...Nf4.} 101. Qc3+ Kg8 {Threatens to win with ...Nh3+.} 102. Qe3 Nf4 ({Black should try} 102... Qc6 $17 {Strongly threatening ...Nf3+.} 103. Nh5 Kf8) 103. f3 $2 {[%mdl 8192]} (103. Kf1 $11 Nge6 104. f3) 103... Nxf3+ $19 104. Kf2 Ng5 105. Qb3+ Kf8 {( -> ...Qg2+)} 106. Qe3 Kg8 $2 (106... Qg2+ $19 107. Ke1 Nf3+ 108. Kd1 Qxg3) 107. Qb3+ $1 $17 Kf8 $2 {[%mdl 8192]} (107... Nge6 $17 108. Ke1 Kf8) 108. Qe3 $1 {Precision: White = 51%, Black = 41%.} 0-1